000 00273nam a2200133Ia 4500
100 _aBronson/ R
942 _cBK
654 _amatrix
245 _aMatrix operations
260 _bSchaums
_aNew York
_c1989
082 _a512.9434
_bBRO
300 _a230
546 _aENGLISH
999 _c32806
_d32806